| 000 | 00624nam a2200193 i 4500 | ||
|---|---|---|---|
| 001 | 7431 | ||
| 003 | ES-MaACL | ||
| 005 | 20230906145231.0 | ||
| 008 | 910102s1990 sp ||||1| spa d | ||
| 020 | _a84-87477-06-2 | ||
| 080 | _a32(47)"1985/..." | ||
| 100 | 1 |
_aMontiel, Francisco Felix. _982648 |
|
| 245 | 1 | 3 |
_aEl vendaval de la perestroika (y la complacencia de Occidente) / _cFrancisco-Félix Montiel. |
| 260 |
_aMadrid : _bEste Oeste, _c1990. |
||
| 300 |
_a172 p. ; _c19 cm. |
||
| 651 | 4 |
_aURSS- _xHistoria- _y1985-1991. _9157400 |
|
| 651 | 4 |
_aURSS- _xPolítica y gobierno- _y1985-1991. _99483 |
|
| 852 |
_aES-MaACL _jL-14686 |
||
| 999 |
_c7431 _d7431 |
||